000
00318pam a2200145 a 4500
020
_c
041
_h
082
_b
DES
100
_a
Desai, A.R.
245
_a
Slums And Urbanization
_h
Textual Documents
260
_a
Mumbai
_b
Popular Prakashan
300
_a
356/CB
700
_a
Pillai, S.Devadas
930
_a
11824
999
_c
118646
_d
118646